Garbage in the cities : refuse, reform, and the environment

שמור ב:
מידע ביבליוגרפי
מחבר ראשי:  Melosi, Martin V
פורמט: Sách
שפה:Undetermined
יצא לאור:  University of Pittsburgh Press  2005
נושאים:
תגים: הוספת תג
אין תגיות, היה/י הראשונ/ה לתייג את הרשומה!
Thư viện lưu trữ: Trung tâm Thư viện - Trường Đại học Công nghiệp TP. Hồ Chí Minh
LEADER 00517nam a2200157Ia 4500
001 UIH_07005
008 231011s9999 xx 000 0 und d
082 |a  363.72 
100 |a  Melosi, Martin V 
245 0 |a  Garbage in the cities : refuse, reform, and the environment 
245 0 |c  Melosi, Martin V 
260 |b  University of Pittsburgh Press 
260 |c  2005 
650 |a  Chất thải;  
927 |a Sách 
980 |a Trung tâm Thư viện - Trường Đại học Công nghiệp TP. Hồ Chí Minh